Entry Personal Name
Number of records used in: 1
001 - CONTROL NUMBER
003 - CONTROL NUMBER IDENTIFIER
005 - DATE AND TIME OF LATEST TRANSACTION
- control field:
20210701133307.0
008 - FIXED-LENGTH DATA ELEMENTS
- fixed length control field:
800925n| acannaab| |a aaa |||
010 ## - LIBRARY OF CONGRESS CONTROL NUMBER
- LC control number:
n 80109316
040 ## - CATALOGING SOURCE
- Original cataloging agency:
DLC
- Transcribing agency:
DLC
- Modifying agency:
DLC
100 10 - HEADING--PERSONAL NAME
- Personal name:
Gilbert, Jimmie,
- Dates associated with a name:
1934-
400 10 - SEE FROM TRACING--PERSONAL NAME
- Personal name:
Gilbert, J. D.
- Fuller form of name:
(Jimmie D.),
- Dates associated with a name:
1934-
670 ## - SOURCE DATA FOUND
- Source citation:
His Elements of linear algebra, 1970.
670 ## - SOURCE DATA FOUND
- Source citation:
His College algebra, 1981:
- Information found:
t.p. (Jimmie Gilbert)